00393nam a2200133Ia 45000010005000000080041000050820020000461000042000662450053001082600048001615900007002099010028002169990015002443060241024s9999 xx 000 0 und d aRD/610.4/SE456p aSeguro Médico para Maestros (SEMMA) 0aProyecto preliminar tarifario médico ARS SEMMA bRepública Dominicana, Santo Domingoc2011 asi a23/7/2013 12:54:27 p.m. c8141d8141